00567nam a2200205Ia 4500001000700000003000500007008004100012010001100053040000900064082001400073100002700087245007500114260004600189300002100235440000500256500004800261503000500309650002500314650002200339Z_2631CHAP220113s1968 xx 000 0 und d a165691 cCHAP a591.1 P7y aProsser, Clifford Ladd aFisiología comparada /cpor Clifford Ladd Prosser y Frank A. Brown aMéxico, D. F. :bInteramericana,c1968 a728 o. : bilus. a aTrad. De : la edición en inglés de 1961 a aFisiología animal  aMetabolismo I. t.